000 00646nam a2200205 a 4500
005 20231115063602.0
008 170907s2008 es r 000 0 spa d
020 _a9788444170886
035 _aUPN01000220338
049 _aI
050 4 _aQH48
_bP3.3
100 1 _aPalomo, Carmen,
_d1966-
_938694
245 1 0 _aPin y Tito :
_b¡descubrimos el mundo! /
_cCarmen Palomo ; il. por Bebeca Rodrigo.
260 _aLeón, Esp. :
_bEverest,
_c2008.
300 _a24 p. :
_bil. col. :
_eprincipalmente il. col.
440 4 _aLos cuentos de Pin y Tito
650 4 _aNaturaleza
_vLiteratura infantil
_921998
905 _aInfantil
999 _c192437
_d192437